00801nam a2200205 a 4500001001000000005001700010008004100027020001500068040002200083050002100105100002800126245002900154260003700183300004100220500015500261500007300416504002600489600004200515650003800557BRCA_155020190320203452.0960424s1995 mx-a---##b---#000-0#spa-d a9682982596 aCMalGcCMalGdDLC 4aNB793b.M55 19951 aMilles, Carld1875-195510aCarl Millesbesculturas. aMéxicobCONACULTA : INBAc1995 a80 p.bil. (algunas a color)c30 cm. aCatálogo de la exposición realizada en el Museo del Palacio de Bellas Artes : Sala Diego Rivera (Ciudad de México), septiembre 1995 - enero 1996 aIncluye lista de las esculturas exhibidas y de los dibujos exhibidos aBibliografía: p. 7814aMilles, Carld1875-1955vExposiciones14aEsculturavExposicioneszMéxico